L'Attacco dei Giganti - Personaggi - Statistics

Statistiche generali
  • Questo quiz è stato fatto 51 volte
  • Il punteggio medio è 28 su 52
Statistiche sulle risposte
con Immagini Risposta % Corretto
Mikasa Ackerman
100%
Reiner Braun
88%
Eren Jaeger
83%
Armin Arlert
80%
Erwin Smith
80%
Levi Ackerman
80%
Annie Leonhart
78%
Berthold Huber
78%
Sasha Blouse
78%
Zeke Jaeger
76%
Grisha Jaeger
73%
Historia Reiss
73%
Jean Kirschtein
73%
Marco Bodt
73%
Ymir
73%
Ymir Fritz
73%
Hanji Zoe
71%
Connie Springer
68%
Falco Grice
68%
Petra Ral
68%
Porko Galliard
68%
Gabi Braun
66%
Kenny Ackerman
66%
Niccolò
66%
Onyankopon
61%
Carla Jaeger
56%
Eren Kruger
56%
Floch Forster
56%
Pieck Finger
56%
Rod Reiss
54%
Yelena
54%
Hannes
49%
Marcel Galliard
49%
Theo Magath
44%
Colt Grice
41%
Keith Shadis
41%
Mike Zacharias
39%
Willy Tybur
39%
Dina Fritz
34%
Dot Pixis
32%
Lara Tybur
32%
Marlo Freudenberg
32%
Kiyomi Azumabito
29%
Tom Xaver
29%
Uri Reiss
29%
Hitch Dreyse
27%
Dallis Zacklay
24%
Frieda Reiss
24%
Kaya
24%
Ramzi
15%
Faye Jaeger
12%
Flegel Reeves
7%
Nessun quiz corrispondente trovato
Distribuzione punteggi
Percentuale di utenti per punteggio
Percentile per numero di risposta
I tuoi punteggi nel tempo
Non hai fatto questo quiz